Príprava a vlastnosti progresívnych keramických materiálov zborník rozšírených abstraktov : odborný seminár, 18.-19. november, 2013 Ružín, Slovensko

Bibliographic Details
Other Authors: Valúchová, Jana (Editor)
Format: Software eBook
Language:Slovak
English
PhysicalDescription:1 elektronický optický disk (CD-ROM) fareb. 12 cm
Published: Bratislava [Ústav anorganickej chémie SAV 2013]
ISBN:9788097149949 (elektronická kniha)
Subjects:

MARC

LEADER 00000nam a22000001a 4500
001 vtls010599749
003 SK-MaSNL
005 20260301183353.0
007 co cg auuua
008 160429s2013 xo | fs 100 0 slo
015 |a SNBS2015 
020 |a 9788097149949 (elektronická kniha) 
040 |a SNK  |b slo  |c SNK  |e AACR2 
041 0 |a slo  |a eng 
044 |a xo  |c SK 
072 7 |a 666  |x Sklárstvo. Keramika. Cement  |2 konspekt 
080 |a 666.3-1  |2 2001 
080 |a 620.2-026.5/.8  |2 2001 
080 |a 539.2/.5  |2 2001 
080 |a 620.2-021.385  |2 2001 
080 |a (062.534)  |2 2001 
080 |a (0.034.44)  |2 2001 
245 0 0 |a Príprava a vlastnosti progresívnych keramických materiálov  |h elektronický zdroj  |b zborník rozšírených abstraktov : odborný seminár, 18.-19. november, 2013 Ružín, Slovensko  |c edited by: Jana Valúchová 
260 |a Bratislava  |b [Ústav anorganickej chémie SAV  |c 2013] 
300 |a 1 elektronický optický disk (CD-ROM)  |b fareb.  |c 12 cm 
500 |a Názov z titulnej obrazovky 
504 |a Bibliogr. odkazy ; index autorov 
516 |a Textový dokument (zborník), súbor vo formáte pdf 
538 |a Technické požiadavky: PDF prehliadač 
546 |a Text čiast. aj angl. 
650 0 7 |a keramické materiály  |2 SNKPH  |9 3663 
650 0 7 |a kompozitné materiály  |2 SNKPH  |9 69522 
650 0 7 |a vlastnosti materiálov  |2 SNKPH  |9 69700 
650 0 7 |a Ceramic materials  |2 SNKPHeng  |9 398014 
650 0 7 |a Materials properties  |2 SNKPHeng  |9 274717 
650 0 7 |a Composite materials  |2 SNKPHeng  |9 82031 
655 7 |a elektronické zdroje  |2 SNKPH  |9 90954 
655 7 |a CD-ROM  |2 SNKPH  |9 70236 
655 7 |a zborníky konferencií  |2 SNKPH  |9 70153 
655 7 |a Electronic resources  |2 SNKPHeng  |9 175546 
655 7 |a Proceedings of conferences  |2 SNKPHeng  |9 265791 
700 1 |a Valúchová, Jana  |4 edt  |9 558555 
919 |a 978-80-971499-4-9 
958 |a NB 
999 |c 856739  |d 858669 
952 |a SNK  |b SNK  |y PREZ  |7 0  |p 17A1110709  |o snkSCDM 6586  |i snk2014/12563  |8 0  |0 0  |1 0  |4 0  |d 2014-05-29  |l 0  |r 2026-02-24 04:59:55  |w 2026-02-24